Biblioteca y Centro de Documentación

Guía sindical de igualdad (Registro nro. 51636)

Detalles MARC
000 -CABECERA
Longitud fija campo de control 01567nam a2200433 c 4500
001 - NÚMERO DE CONTROL
Número de control 51636
003 - IDENTIFICADOR DE NÚMERO DE CONTROL
Identificador del número de control ES-MaCES
005 - FECHA Y HORA DE LA ÚLTIMA TRANSACCIÓN
Fecha y hora de la última transacción 20201216142830.0
008 - CAMPO FIJO DE DESCRIPCIÓN FIJA--INFORMACIÓN GENERAL
Códigos de información de longitud fija   201216s2020 sp o000 | spa d
017 ## - NÚMERO DE REGISTRO DE DERECHOS DE AUTOR Y DEPÓSITO LEGAL
Número de copyright o de depósito legal M 6848-2020
Agencia que asigna el número DL
020 ## - ISBN (INTERNATIONAL STANDARD BOOK NUMBER)
Número Internacional Normalizado para Libros (ISBN) 9788490978962
040 ## - FUENTE DE CATALOGACIÓN
Centro catalogador de origen ES-MaCES
Lengua de catalogación spa
Centro transcriptor ES-MaCES
245 10 - MENCIÓN DE TÍTULO
Título Guía sindical de igualdad
Resto del título : feminismo en acción
Mención de responsabilidad, etc. Luz Martínez Ten, Carlos de la Fuente (eds.) ; Mayte Jareño Macías ... [et al.]
260 ## - PUBLICACIÓN, DISTRIBUCIÓN, ETC (PIE DE IMPRENTA)
Lugar de publicación, distribución, etc. Madrid
Nombre del editor, distribuidor, etc. Los Libros de la Catarata
Fecha de publicación, distribución, etc. 2020
300 ## - DESCRIPCIÓN FÍSICA
Extensión 348 p.
Dimensiones 24 cm
490 ## - MENCIÓN DE SERIE
Mención de serie Colección Sindicalismo, administraciones públicas y políticas sociales
Designación de volumen o secuencia 1
504 ## - NOTA DE BIBLIOGRAFÍA, ETC.
Nota de bibliografía, etc. Bibliografía: p. 339-346
541 ## - NOTA DE LA FUENTE INMEDIANTE DE ADQUISICIÓN
Forma de adquisición Gratuito
650 #4 - ASIENTO SECUNDARIO DE MATERIA--TÉRMINO DE MATERIA
Término de materia o nombre geográfico como elemento inicial mujeres
9 (RLIN) 28657
650 #4 - ASIENTO SECUNDARIO DE MATERIA--TÉRMINO DE MATERIA
Término de materia o nombre geográfico como elemento inicial trabajadora
9 (RLIN) 28413
650 #4 - ASIENTO SECUNDARIO DE MATERIA--TÉRMINO DE MATERIA
Término de materia o nombre geográfico como elemento inicial derechos de la mujer
9 (RLIN) 27173
650 #4 - ASIENTO SECUNDARIO DE MATERIA--TÉRMINO DE MATERIA
Término de materia o nombre geográfico como elemento inicial derechos de los trabajadores
9 (RLIN) 29924
650 #4 - ASIENTO SECUNDARIO DE MATERIA--TÉRMINO DE MATERIA
Término de materia o nombre geográfico como elemento inicial derechos sindicales
9 (RLIN) 29470
650 #4 - ASIENTO SECUNDARIO DE MATERIA--TÉRMINO DE MATERIA
Término de materia o nombre geográfico como elemento inicial igualdad de oportunidades en el empleo
9 (RLIN) 30649
650 #4 - ASIENTO SECUNDARIO DE MATERIA--TÉRMINO DE MATERIA
Término de materia o nombre geográfico como elemento inicial negociación colectiva
9 (RLIN) 28362
650 #4 - ASIENTO SECUNDARIO DE MATERIA--TÉRMINO DE MATERIA
Término de materia o nombre geográfico como elemento inicial conciliación
9 (RLIN) 27303
650 #4 - ASIENTO SECUNDARIO DE MATERIA--TÉRMINO DE MATERIA
Término de materia o nombre geográfico como elemento inicial diferencia del salario
9 (RLIN) 29458
650 #4 - ASIENTO SECUNDARIO DE MATERIA--TÉRMINO DE MATERIA
Término de materia o nombre geográfico como elemento inicial discriminación por razones de sexo
9 (RLIN) 29521
650 #4 - ASIENTO SECUNDARIO DE MATERIA--TÉRMINO DE MATERIA
Término de materia o nombre geográfico como elemento inicial acoso sexual
9 (RLIN) 29555
650 #4 - ASIENTO SECUNDARIO DE MATERIA--TÉRMINO DE MATERIA
Término de materia o nombre geográfico como elemento inicial España
9 (RLIN) 26964
650 #4 - ASIENTO SECUNDARIO DE MATERIA--TÉRMINO DE MATERIA
Término de materia o nombre geográfico como elemento inicial guía
9 (RLIN) 29262
653 10 - TÉRMINO DE INDEXACIÓN--NO CONTROLADO
Término no controlado Mujer
700 1# - ENCABEZAMIENTO SECUNDARIO--NOMBRE PERSONAL
9 (RLIN) 39797
Nombre de persona Martínez Ten, Luz
Término indicativo de función ed. lit.
700 1# - ENCABEZAMIENTO SECUNDARIO--NOMBRE PERSONAL
9 (RLIN) 39798
Nombre de persona Fuente Gómez, Carlos de la
Término indicativo de función ed. lit.
700 1# - ENCABEZAMIENTO SECUNDARIO--NOMBRE PERSONAL
9 (RLIN) 39799
Nombre de persona Jareño Macías, Mayte
830 #0 - ENCABEZAMIENTO SECUNDARIO DE COLECCIÓN--TÍTULO UNIFORME
9 (RLIN) 39796
Título uniforme Sindicalismo, administraciones públicas y políticas sociales
Designación de volumen o secuencia 1
902 ## - CES. TIPO DE DOCUMENTO
Tipodoc (006$c Sirtex) LIB Libro
942 ## - ELEMENTOS KOHA
Fuente de clasificaión o esquema Clasificación propia del CES
Koha [por defecto] tipo de item Monografías
Parte de clasificación Asuntos Sociales
Existencias
Número de registro Signatura completa Tipo de item de Koha
092101 SG-3.3.-183 Monografías
© CES, Consejo Económico y Social de España 2021